| 000 | 00000cam 2200000zi 4500 |
| 001 | 9.963302 |
| 003 | CaOODSP |
| 005 | 20260604081014 |
| 006 | m o d f |
| 007 | cr bn||||||||| |
| 008 | 260604e20260603onc ol f000 0 eng d |
| 040 | |aCaOODSP|beng|erda|cCaOODSP |
| 041 | 0 |aeng|afre |
| 043 | |an-cn--- |
| 086 | 1 |aXB451-280/1-PDF |
| 110 | 1 |aCanada. |bParliament. |bHouse of Commons, |eissuing body. |
| 245 | 13|aAn Act to enact the Mental Health, Addictions and Substance Use Services Act and to make consequential amendments to the Federal-Provincial Fiscal Arrangements Act = |bLoi édictant la Loi sur les services en matière de santé mentale, de dépendances ou de consommation de substances et apportant des modifications corrélatives à la Loi sur les arrangements fiscaux entre le gouvernement fédéral et les provinces. |
| 246 | 11|aLoi édictant la Loi sur les services en matière de santé mentale, de dépendances ou de consommation de substances et apportant des modifications corrélatives à la Loi sur les arrangements fiscaux entre le gouvernement fédéral et les provinces |
| 246 | 1 |iShort title: |aMental Health Parity Act |
| 264 | 1|a[Ottawa] : |bHouse of Commons of Canada = Chambre des communes du Canada, |cJune 3, 2026. |
| 300 | |a1 online resource (ii, 14 pages). |
| 336 | |atext|btxt|2rdacontent |
| 337 | |acomputer|bc|2rdamedia |
| 338 | |aonline resource|bcr|2rdacarrier |
| 490 | 1 |aBill C-... ; |vBill C-280, 1st Session, 45th Parliament |
| 500 | |a"First Session, Forty-fifth Parliament, 3-4 Charles III, 2025-2026." |
| 500 | |a"First reading, June 3, 2026." |
| 500 | |a"Mr. Johns." |
| 520 | |a"This enactment enacts the Mental Health Parity Act, which sets out criteria and conditions in respect of mental health, addictions and substance use services that must be satisfied before a cash contribution may be made by the Government of Canada to a province in support of those services. It also makes consequential amendments to the Federal-Provincial Fiscal Arrangements Act"--Summary, page ii. |
| 546 | |aText in English and French. |
| 610 | 10|aCanada. |tFederal-Provincial Fiscal Arrangements Act. |
| 650 | 5|aFederal-provincial fiscal relations|zCanada. |
| 650 | 0|aMental health services|xFinance|xLaw and legislation|zCanada. |
| 650 | 0|aSubstance abuse treatment facilities|xFinance|xLaw and legislation|zCanada. |
| 655 | 7|aLegislative bills|2lcgft |
| 788 | |tAn Act to enact the Mental Health, Addictions and Substance Use Services Act and to make consequential amendments to the Federal-Provincial Fiscal Arrangements Act = |efre|w(CaOODSP)9.963303 |
| 830 | #0|aBill C-...|vBill C-280, 1st Session, 45th Parliament.|w(CaOODSP)9.500659 |
| 856 | 40|qPDF|s256 KB|uhttps://publications.gc.ca/collections/collection_2026/parl/XB451-280-1.pdf |
| 856 | 4 |qHTML|sN/A|uhttps://www.parl.ca/documentviewer/en/45-1/bill/C-280/first-reading |
| 986 | |a451146 |